[Event "Challenge"]
[Site "http://www.queenalice.com/game.php?id=935322"]
[Date "2011.5.7"]
[Round "-"]
[White "erbekjas"]
[Black "PRZ"]
[Result "1-0"]
[WhiteElo "1648"]
[BlackElo "1221"]

1. c4 e6 2. g3 Nc6 3. Nc3 d5 4. Qa4 Bb4 5. e3 Bxc3 6. dxc3 Bd7 7. c5 Nf6 8. Bg2
O-O 9. Ne2 a6 10. O-O h5 11. h4 e5 12. Qd1 Bg4 13. f3 Be6 14. f4 exf4 15. Nxf4
Bg4 16. Bf3 Bxf3 17. Qxf3 g6 18. b4 b6 19. Bb2 a5 20. Ba3 Re8 21. c4 Ne5 22. Qe2
dxc4 23. Rad1 Nfd7 24. c6 Nf6 25. Rxd8 Raxd8 26. b5 Ne4 27. Qg2 Rd2 28. Qxe4
Rxa2 29. Nd5 Rxa3 30. Nxc7 Re7 31. Nd5 Re6 32. c7 Re8 33. Nf6+ Kf8 34. Nxe8 Kxe8
35. c8=Q+ 1-0

[Event "Challenge"]
[Site "http://www.queenalice.com/game.php?id=939059"]
[Date "2011.5.17"]
[Round "-"]
[White "erbekjas"]
[Black "jovy1097"]
[Result "1/2-1/2"]
[WhiteElo "1612"]
[BlackElo "1827"]

1. e4 e6 2. d4 d5 3. e5 c5 4. Be3 Qb6 5. b3 Nd7 6. Nf3 cxd4 7. Bxd4 Qc7 8. Be2
Ne7 9. O-O Nc6 10. c3 Ndxe5 11. Nxe5 Nxe5 12. Bb5+ Nc6 13. Qe2 Bd7 14. Bxc6 Bxc6
15. Nd2 Bd6 16. Nf3 O-O 17. b4 a6 18. Nh4 Bxh2+ 19. Kh1 Bd6 20. Qg4 Be5 21. Nf3
Bxd4 22. Nxd4 Bd7 23. Qf3 e5 24. Nb3 e4 25. Qe3 Rac8 26. Rac1 Qe5 27. Nd4 Rc4
28. f4 Qf6 29. Rf2 Rfc8 30. Rfc2 Ba4 31. Rd2 Rxb4 32. g4 Qh4+ 33. Rh2 Qxg4 34.
Rg1 Qd7 35. Qg3 g6 36. Qh4 h5 37. f5 Kf8 38. fxg6 fxg6 39. Qf6+ Qf7 40. Ne6+ Ke8
41. Qe5 Qf3+ 42. Rhg2 Qh3+ 43. Rh2 Qf3+ 1/2-1/2

[Event "Challenge"]
[Site "http://www.queenalice.com/game.php?id=948135"]
[Date "2011.6.10"]
[Round "-"]
[White "jairo366"]
[Black "erbekjas"]
[Result "0-1"]
[WhiteElo "1411"]
[BlackElo "1605"]

1. c4 e5 2. Nc3 c5 3. e4 Nc6 4. Nf3 g6 5. g3 Bg7 6. Bg2 d6 7. d3 Be6 8. O-O Nge7
9. Nh4 a6 10. a4 Qd7 11. f4 exf4 12. Bxf4 Bg4 13. Qd2 Nd4 14. Nf3 Nb3 0-1

[Event "Challenge"]
[Site "http://www.queenalice.com/game.php?id=951031"]
[Date "2011.6.17"]
[Round "-"]
[White "jovy1097"]
[Black "erbekjas"]
[Result "0-1"]
[WhiteElo "1846"]
[BlackElo "1621"]

1. d4 Nf6 2. c4 c6 3. Nc3 e6 4. Nf3 d6 5. Bg5 Be7 6. e4 O-O 7. Be2 Nbd7 8. Qd2
a6 9. h4 b5 10. h5 h6 11. Bf4 b4 12. Nd1 a5 13. Ne3 c5 14. Nh4 Nxe4 15. Qd3 Bb7
16. g3 cxd4 17. Ng4 e5 18. Nxh6+ Kh8 19. Nxf7+ Rxf7 20. Ng6+ Kg8 21. h6 gxh6 22.
Bf3 Ndc5 23. Nxe7+ Qxe7 24. Qc2 d3 25. Qd1 d2+ 26. Kf1 exf4 27. gxf4 Qf6 28.
Rg1+ Kf8 29. Bxe4 Nxe4 30. Qg4 Qxf4 31. Qxf4 Rxf4 32. Ke2 Rxf2+ 33. Ke3 Re8 34.
Kd4 Re6 35. Rad1 Ng5 36. Rgf1 Nh3 37. Rxf2+ Nxf2 38. Rxd2 Re4# 0-1

[Event "Challenge"]
[Site "http://www.queenalice.com/game.php?id=954494"]
[Date "2011.6.28"]
[Round "-"]
[White "erbekjas"]
[Black "jovy1097"]
[Result "0-1"]
[WhiteElo "1650"]
[BlackElo "1821"]

1. e4 e6 2. d4 d5 3. e5 c5 4. c3 Nc6 5. Nf3 Qb6 6. a3 Nge7 7. b4 cxd4 8. cxd4
Nf5 9. Bb2 a5 10. b5 Na7 11. a4 Nc6 12. Be2 Bb4+ 13. Bc3 Bxc3+ 14. Nxc3 Ncxd4
15. Nxd4 Nxd4 16. O-O Nxe2+ 17. Nxe2 O-O 18. Ra3 f6 19. Qa1 fxe5 20. Qxe5 Rf5
21. Qg3 Bd7 22. Rd3 Raf8 23. Nd4 R5f6 24. Qh4 Rf4 25. Qh5 Rxd4 26. Rh3 h6 27.
Rg3 Rf6 28. Qe5 Rdf4 29. Rf3 Rxf3 30. gxf3 Rxf3 31. Kg2 Rf5 32. Qb8+ Kh7 33. h4
Qd4 34. Kg3 Qxa4 35. f4 Qxb5 36. Qd6 Qxf1 0-1

[Event "Challenge"]
[Site "http://www.queenalice.com/game.php?id=962420"]
[Date "2011.7.20"]
[Round "-"]
[White "jovy1097"]
[Black "erbekjas"]
[Result "1-0"]
[WhiteElo "1830"]
[BlackElo "1641"]

1. d4 d5 2. c4 b6 3. cxd5 Bb7 4. e4 g6 5. Nc3 Bg7 6. Qa4+ Nd7 7. Nf3 Nh6 8. Bb5
Bc8 9. Bc6 b5 10. Bxb5 O-O 11. Bc6 Rb8 12. Qxa7 Rb6 13. Qa4 Nb8 14. Bb5 Ng4 15.
h3 Nf6 16. O-O e6 17. dxe6 Bxe6 18. Qc2 c6 19. Bd3 Nfd7 20. e5 f6 21. exf6 Nxf6
22. Ng5 Bd7 23. Re1 Qc8 24. Bd2 Na6 25. a3 c5 26. Re7 cxd4 27. Bxg6 hxg6 28.
Qxg6 1-0

[Event "Challenge"]
[Site "http://www.queenalice.com/game.php?id=964480"]
[Date "2011.7.25"]
[Round "-"]
[White "erbekjas"]
[Black "jovy1097"]
[Result "0-1"]
[WhiteElo "1633"]
[BlackElo "1838"]

1. e4 e6 2. b3 d5 3. Bb2 dxe4 4. Nc3 Nf6 5. Nge2 Bd7 6. a4 Bc6 7. Ng3 Nbd7 8.
Be2 e3 9. dxe3 Bxg2 10. Rg1 Bc6 11. Na2 Bd6 12. b4 Bxa4 13. Qd2 a6 14. c4 O-O
15. f4 Qe7 16. Qc3 e5 17. Nf5 Qe6 18. Nxg7 Qh3 19. Ne6+ Kh8 20. Nxf8 Rxf8 21.
Qd3 Qxh2 22. Rf1 Qh4+ 23. Kd2 exf4 24. e4 Ne5 25. Qc3 Nxe4+ 0-1

[Event "Challenge"]
[Site "http://www.queenalice.com/game.php?id=966180"]
[Date "2011.7.29"]
[Round "-"]
[White "jovy1097"]
[Black "erbekjas"]
[Result "1-0"]
[WhiteElo "1853"]
[BlackElo "1618"]

1. d4 e6 2. c4 c6 3. Nc3 h6 4. Nf3 d6 5. e4 a6 6. Be2 Bd7 7. O-O Be7 8. Be3 Qc7
9. e5 d5 10. cxd5 cxd5 11. Nd2 b5 12. a3 Bc6 13. f4 a5 14. f5 exf5 15. Rxf5 Qd7
16. Bg4 Qd8 17. Qf3 f6 18. exf6 Nxf6 19. Bh5+ Kf8 20. Rf1 b4 21. Nxd5 Nd7 22.
Qf2 Kg8 23. Nxe7+ Qxe7 24. Nc4 Kh7 25. Qg3 g5 26. d5 Bxd5 27. Rxd5 Nxh5 28. Qf3
Nhf6 29. Qf5+ Kg7 30. Bd4 Rad8 31. Rxd7 Qxd7 32. Bxf6+ 1-0

[Event "Challenge"]
[Site "http://www.queenalice.com/game.php?id=968501"]
[Date "2011.8.4"]
[Round "-"]
[White "erbekjas"]
[Black "jovy1097"]
[Result "0-1"]
[WhiteElo "1625"]
[BlackElo "1846"]

1. e4 e6 2. d4 d5 3. e5 c5 4. Nf3 Nc6 5. Be3 Qb6 6. b3 cxd4 7. Nxd4 Nxe5 8. Bb5+
Bd7 9. a4 Qc7 10. O-O Bd6 11. f4 Nc6 12. Qg4 g6 13. Nd2 Nf6 14. Qg5 O-O 15. Qxf6
Bc5 16. c3 Be7 17. Nxe6 Bxe6 0-1

[Event "Challenge"]
[Site "http://www.queenalice.com/game.php?id=971184"]
[Date "2011.8.11"]
[Round "-"]
[White "erbekjas"]
[Black "jovy1097"]
[Result "0-1"]
[WhiteElo "1611"]
[BlackElo "1852"]

1. d4 Nf6 2. g3 e6 3. Bg2 d5 4. Bg5 Be7 5. Nh3 Nc6 6. O-O O-O 7. c3 h6 8. Bxf6
Bxf6 9. Nd2 Bd7 10. f4 Qc8 11. e4 dxe4 12. Nxe4 Be7 13. Qh5 e5 14. fxe5 Bg4 15.
Nf6+ Bxf6 16. Qxg4 Qxg4 17. Rf4 Qe6 18. exf6 Qe3+ 19. Nf2 Rfe8 20. d5 Ne5 21.
Kf1 Nd3 0-1

[Event "Challenge"]
[Site "http://www.queenalice.com/game.php?id=971205"]
[Date "2011.8.11"]
[Round "-"]
[White "jovy1097"]
[Black "erbekjas"]
[Result "1-0"]
[WhiteElo "1866"]
[BlackElo "1613"]

1. d4 e6 2. c4 c5 3. Nf3 cxd4 4. Nxd4 Qf6 5. Nc3 Bb4 6. e3 Ne7 7. Bd2 Na6 8. Qc2
Bc5 9. Nf3 Nb4 10. Qb3 Nec6 11. Ne4 Qf5 12. Nxc5 Qxc5 13. Be2 Na6 14. O-O O-O
15. a3 Nc7 16. Rac1 a5 17. Qc3 d5 18. Qc2 Qd6 19. e4 d4 20. Rfd1 e5 21. Ne1 b6
22. f4 exf4 23. Nf3 Ne6 24. Bd3 Ne5 25. Nxe5 Qxe5 26. Rf1 f6 27. b4 h6 28. bxa5
bxa5 29. c5 Kh8 30. a4 g5 31. c6 Nc7 32. Rb1 h5 33. Qd1 Kg7 34. Qxh5 Rh8 35. Qf3
Rh4 36. g3 Rg4 37. Rb7 Kg6 38. Rxc7 Qxc7 39. e5+ f5 40. Qxg4 Be6 41. Qe2 Rh8 42.
gxf4 g4 43. Qxg4+ Kf7 44. Qf3 Rg8+ 45. Kf2 Qd8 46. Qh5+ 1-0

[Event "Challenge"]
[Site "http://www.queenalice.com/game.php?id=976077"]
[Date "2011.8.23"]
[Round "-"]
[White "erbekjas"]
[Black "jovy1097"]
[Result "0-1"]
[WhiteElo "1615"]
[BlackElo "1874"]

1. e4 e6 2. Nf3 d5 3. e5 c5 4. Bb5+ Bd7 5. Qe2 a6 6. Bxd7+ Nxd7 7. b3 Ne7 8. Bb2
Ng6 9. O-O Be7 10. d4 cxd4 11. Bxd4 Qc7 12. c3 O-O 13. Nbd2 Rac8 14. c4 dxc4 15.
Nxc4 b5 16. Ne3 Ndxe5 17. Nxe5 Nxe5 18. Rac1 Qd6 19. Rcd1 Qb8 20. Ng4 Nxg4 21.
Qxg4 f6 22. Be3 g5 23. h4 h6 24. Qxe6+ Rf7 25. Rd7 Kf8 26. Qxa6 b4 27. Rfd1 Re8
28. hxg5 hxg5 29. Qe6 Qc8 30. Qh3 Rg7 31. Qh6 Kf7 32. Qh5+ Kf8 33. Qf3 Kg8 34.
g3 Kf8 35. Bb6 Rf7 36. Rc7 Qe6 37. Rc6 Qe5 38. Qh5 Rg7 39. Rc4 Ra8 40. Be3 Qe6
41. Rd2 Rb8 42. Kg2 Kg8 43. Rdd4 Rh7 44. Qf3 Qh3+ 45. Kg1 Kg7 46. Qg2 Qf5 47. f4
Rbh8 48. Kf1 Rh1+ 49. Bg1 Qb1+ 50. Kf2 Qxa2+ 51. Kf3 Qxb3+ 52. Kg4 Qb1 53. Qb7
f5+ 54. Kf3 g4+ 55. Ke3 Qxg1+ 56. Kd3 Qxg3+ 0-1

[Event "Challenge"]
[Site "http://www.queenalice.com/game.php?id=979725"]
[Date "2011.9.1"]
[Round "-"]
[White "jovy1097"]
[Black "erbekjas"]
[Result "0-1"]
[WhiteElo "1880"]
[BlackElo "1609"]

1. d4 e6 2. c4 h6 3. Nc3 Bb4 4. Nf3 Ne7 5. e3 O-O 6. Bd3 c6 7. Bd2 a6 8. O-O b5
9. Rc1 d5 10. cxd5 cxd5 11. a3 Bd6 12. Qe2 Nbc6 13. Rc2 Na7 14. Rfc1 Bd7 15. Na2
Nec6 16. Qe1 e5 17. dxe5 Bxe5 18. Nxe5 Nxe5 19. Be2 Bf5 20. Rc7 Bd3 21. R1c3
Bxe2 22. Qxe2 Nc4 23. Rc5 Qd6 24. b4 a5 25. Nc1 axb4 26. axb4 Rab8 27. Nd3 Nc6
28. h3 Rfe8 29. Qd1 d4 30. exd4 Nxd4 31. Bf4 Ne2+ 32. Qxe2 Qd4 33. Qc2 Rb7 34.
Rc7 Rb6 35. Ra7 Rf6 36. Bg3 Qxa7 37. Nc1 Re1+ 38. Kh2 g5 39. f4 Qg1# 0-1

[Event "Challenge"]
[Site "http://www.queenalice.com/game.php?id=980093"]
[Date "2011.9.2"]
[Round "-"]
[White "cyrano"]
[Black "erbekjas"]
[Result "1-0"]
[WhiteElo "1686"]
[BlackElo "1607"]

1. e4 e6 2. d4 g6 3. e5 Bg7 4. f4 d6 5. Nf3 Nh6 6. c4 Nf5 7. g4 Nh4 8. Nfd2 b6
9. Nc3 Bb7 10. d5 exd5 11. cxd5 c6 12. Nce4 dxe5 13. fxe5 Bxe5 14. Nc4 Qxd5 15.
Qxd5 cxd5 16. Nxe5 dxe4 17. Bb5+ Kf8 18. Bh6+ Kg8 19. Rd1 Nc6 20. Nxc6 Nf3+ 21.
Kf2 Bxc6 22. Bxc6 Rc8 23. Bxe4 Ne5 24. h3 Re8 25. Bd5 Rd8 26. Kg3 g5 27. Rhf1
Rd7 28. Rf5 Ng6 29. Rc1 1-0

[Event "Challenge"]
[Site "http://www.queenalice.com/game.php?id=983405"]
[Date "2011.9.10"]
[Round "-"]
[White "cyrano"]
[Black "erbekjas"]
[Result "0-1"]
[WhiteElo "1716"]
[BlackElo "1594"]

1. e4 e5 2. d4 Nc6 3. d5 Nb8 4. c4 d6 5. g4 Be7 6. b4 b6 7. Qa4+ Bd7 8. b5 Nf6
9. g5 Nxe4 10. Nf3 Bg4 11. Be2 Nd7 12. Qc2 Ndc5 13. h3 Bxf3 14. Bxf3 Bxg5 15.
Nc3 Nxc3 16. Qxc3 Qf6 17. h4 Bxh4 18. Rg1 Ne4 19. Qe3 Bxf2+ 20. Qxf2 Nxf2 21.
Kxf2 e4 22. Bg5 Qxf3+ 23. Ke1 h6 24. Rf1 Qc3+ 25. Ke2 hxg5 26. Kf2 Rh2+ 27. Kg1
Qg3# 0-1

[Event "Challenge"]
[Site "http://www.queenalice.com/game.php?id=986496"]
[Date "2011.9.17"]
[Round "-"]
[White "erbekjas"]
[Black "jovy1097"]
[Result "1-0"]
[WhiteElo "1622"]
[BlackElo "1845"]

1. e4 e6 2. c3 d5 3. e5 c5 4. Ne2 Nc6 5. d4 Nge7 6. Be3 Ng6 7. Ng3 Be7 8. Bb5
Bd7 9. Bxc6 Bxc6 10. Nh5 O-O 11. Qg4 f5 12. exf6 Bxf6 13. O-O Qe7 14. Nd2 Bd7
15. Qd1 cxd4 16. cxd4 Rac8 17. Nf3 Rf7 18. a4 Rcf8 19. b4 a6 20. b5 axb5 21. a5
Qd8 22. Bc1 Be7 23. h3 Bb4 24. a6 bxa6 25. Rxa6 Ba5 26. Ba3 Re8 27. Bd6 b4 28.
Ne5 Nxe5 29. Bxe5 Bb5 30. Rd6 Qg5 31. f4 Qe7 32. Qg4 g6 33. f5 Bxf1 34. fxg6
hxg6 35. Qxg6+ Kf8 36. Qh6+ Rg7 37. Nxg7 Qf7 38. Nxe6+ Ke7 39. Qg5+ 1-0

[Event "Challenge"]
[Site "http://www.queenalice.com/game.php?id=987491"]
[Date "2011.9.20"]
[Round "-"]
[White "jovy1097"]
[Black "erbekjas"]
[Result "1-0"]
[WhiteElo "1824"]
[BlackElo "1647"]

1. d4 e6 2. c4 Bb4+ 3. Nc3 h6 4. Nf3 Nf6 5. e3 O-O 6. Bd2 d5 7. Rc1 a6 8. a3
Bxc3 9. Rxc3 Ne4 10. Rc2 c6 11. Bb4 Re8 12. Be2 b5 13. cxd5 exd5 14. O-O Nd7 15.
Rxc6 Ndf6 16. Ne5 Bb7 17. Rc2 a5 18. Be1 a4 19. Bxb5 Re6 20. f3 Nd6 21. Bd3 Nh7
22. Qc1 f6 23. Nc6 Qf8 24. Nb4 Ng5 25. Rc5 Qe8 26. Bf2 h5 27. Nxd5 Bxd5 28. Rxd5
g6 29. e4 Rc8 30. Qf4 Ndf7 31. Bb5 Qe7 32. Bxa4 Rf8 33. Rd7 Qe8 34. b3 Qc8 35.
Rc1 Qa6 36. d5 Re5 37. Bd4 Ne6 38. dxe6 Rxe6 39. Rdc7 Qd3 40. Qe3 Ne5 41. Qxd3
Nxd3 42. Ra1 Nf4 43. Kf1 h4 44. Bc6 Rd8 45. Rd7 Rb8 46. b4 Rxc6 47. Bc5 Ne6 48.
Be3 Nf8 49. Rd4 g5 50. a4 Rc2 51. b5 h3 52. gxh3 Rxh2 53. Rd6 Kg7 54. b6 Rxh3
55. Kg2 g4 56. Bd4 Rxf3 57. Rf1 Rxf1 58. Kxf1 Nh7 59. Kg2 Kg6 60. Kg3 Kg5 61. a5
1-0

[Event "Challenge"]
[Site "http://www.queenalice.com/game.php?id=988592"]
[Date "2011.9.22"]
[Round "-"]
[White "cyrano"]
[Black "erbekjas"]
[Result "1-0"]
[WhiteElo "1681"]
[BlackElo "1636"]

1. e4 e6 2. e5 Ne7 3. d4 Nf5 4. c3 d5 5. g4 Nh4 6. g5 g6 7. Qg4 Nf5 8. Bd3 Nc6
9. b4 a6 10. a4 Bg7 11. Na3 Na7 12. b5 O-O 13. h4 h5 14. Qf3 c6 15. bxc6 Nxc6
16. Nh3 Nxh4 17. Qg3 Nf5 18. Bxf5 exf5 19. Nf4 f6 20. Nxg6 Re8 21. Rxh5 Kf7 22.
Nh4 Rh8 23. Qf3 Rg8 24. Nxf5 Bxf5 25. Qxf5 Qe8 26. Rh7 Ne7 27. Qf3 Ke6 28. gxf6
Bxf6 29. exf6 Nf5 30. f7 Rg1+ 31. Kd2 Qe7 32. Qe2+ Kd6 33. Qxe7+ Kxe7 34. Rb1
Rb8 35. c4 Rf8 36. Rxb7+ Ke6 37. Rb6+ Ke7 38. cxd5 Nd6 39. Kc2 Rg5 40. Bxg5+ 1-0

[Event "Challenge"]
[Site "http://www.queenalice.com/game.php?id=990239"]
[Date "2011.9.26"]
[Round "-"]
[White "AliceLachmann00"]
[Black "erbekjas"]
[Result "1-0"]
[WhiteElo "1173"]
[BlackElo "1622"]

1. e4 e6 2. d4 c6 3. Be3 g6 4. Nf3 Bg7 5. Bd3 Nf6 6. c4 O-O 7. Nc3 d5 8. cxd5
cxd5 9. e5 Nfd7 10. O-O a6 11. Qd2 b5 12. Bg5 Qb6 13. Bh6 f6 14. Rfe1 f5 15.
Bxg7 Kxg7 16. Ng5 Ra7 17. b4 h6 18. Nf3 Nc6 19. Ne2 a5 20. Nf4 Ndb8 21. a3 Na6
22. bxa5 Qc7 23. Bxb5 Nxa5 24. Bxa6 Rxa6 25. Rec1 Nc4 26. Qb4 g5 27. Nh5+ Kg6
28. Nf6 h5 29. Qxf8 1-0

[Event "Challenge"]
[Site "http://www.queenalice.com/game.php?id=995629"]
[Date "2011.10.10"]
[Round "-"]
[White "erbekjas"]
[Black "AliceLachmann00"]
[Result "0-1"]
[WhiteElo "1630"]
[BlackElo "1252"]

1. e4 e5 2. c3 Nc6 3. a3 d6 4. d3 f6 5. h3 Be6 6. Nf3 Be7 7. Be2 Qd7 8. Nh2 h5
9. Nd2 Nh6 10. Ndf1 O-O-O 11. b4 f5 12. Ng3 h4 13. Nh5 Bf6 14. b5 Na5 15. Qa4
Nb3 16. Rb1 Kb8 17. Be3 Nc5 18. Bxc5 dxc5 19. c4 fxe4 20. O-O exd3 21. Bxd3 Qxd3
22. b6 cxb6 23. Qb5 Bxc4 24. Qb2 Qf5 25. Nxf6 Bxf1 26. Nfg4 Bd3 27. Ne3 Qf4 28.
Rd1 Nf5 29. Nxf5 Bxf5 30. Re1 Rd2 0-1

[Event "Challenge"]
[Site "http://www.queenalice.com/game.php?id=995981"]
[Date "2011.10.11"]
[Round "-"]
[White "ORNELAS"]
[Black "erbekjas"]
[Result "1-0"]
[WhiteElo "1537"]
[BlackElo "1600"]

1. e4 e6 2. e5 Nc6 3. d4 a6 4. c3 h6 5. Nf3 Nge7 6. Bf4 Ng6 7. Be3 Be7 8. Nbd2
b5 9. b4 O-O 10. Bd3 Nh4 11. O-O d6 12. exd6 cxd6 13. Nxh4 Bxh4 14. Nf3 Bf6 15.
a4 Bb7 16. axb5 axb5 17. Rxa8 Qxa8 18. Bxb5 Ne7 19. Bxh6 Nf5 20. Be2 Nxh6 21. g3
e5 22. dxe5 Bxe5 23. Kg2 Nf5 24. Kh3 Bxc3 25. Qd3 Qc8 26. Rc1 Nd4+ 27. g4 Nxf3
28. Bxf3 d5 29. Rxc3 Qe6 30. Rc7 Qb6 31. Qc2 Qxb4 32. Qf5 Ba8 33. Rd7 g6 34. Qe5
Bc6 35. Rc7 Qb8 36. Qd6 Bb5 37. Bxd5 Bf1+ 38. Kh4 Kg7 39. Qe5+ Kg8 40. Qe7 Kg7
41. Bxf7 Rh8+ 42. Kg3 Rh3+ 43. Kf4 Qf8 44. Qe5+ Kh7 45. Kg5 Qh6+ 46. Kf6 Qf8 47.
Kg5 Qh6+ 48. Kf6 Rf3+ 49. Ke7 Qh4+ 50. Ke8 1-0

[Event "Challenge"]
[Site "http://www.queenalice.com/game.php?id=996055"]
[Date "2011.10.11"]
[Round "-"]
[White "erbekjas"]
[Black "jovy1097"]
[Result "0-1"]
[WhiteElo "1638"]
[BlackElo "1833"]

1. e4 e6 2. c4 d5 3. Qc2 dxc4 4. Bxc4 Nc6 5. Nf3 Nf6 6. e5 Nd5 7. a3 Be7 8. O-O
O-O 9. b4 a6 10. Bb2 Bd7 11. d4 f6 12. Bd3 h6 13. exf6 Bxf6 14. Nbd2 b5 15. Ne4
Be7 16. Ng3 Bd6 17. Ne5 Nf4 18. Bh7+ Kh8 19. Nh5 Bxe5 20. Bg6 Nxd4 21. Bxd4 Nxg6
22. Qxg6 Bxd4 23. Rad1 Bf6 24. Qe4 Qe7 25. Nf4 Be8 26. Rd3 Bf7 27. Qc6 Rfd8 28.
Rg3 e5 29. Re1 exf4 0-1